00681nam a22001817a 4500003000500000038001800005082000800023100002400031245012000055264003400175300002500209650004400234700004700278856005700325942001200382999001900394952008600413NUST aNusrat Nadeem a200 aAli, Rizwan9122493 aProspects of Economic Cooperation and Conflict Resolution: A Case Study of Iran, India, and Pakistan/cRizwan Ali,  aIslamabad;bCIPS NUST;c2022. a265,p;bill;c30,cm. aPhD-Peace and Conflict Studies 9123173 aSupervisor: Dr. Ahmed Waqas Waheed9123174 uhttp://10.250.8.41:8080/xmlui/handle/123456789/34202 2ddccSC c610181d610181 00104070aCLbCLcTHEd2024-07-09l0o200pCLPT-270r2024-07-09w2024-07-09ySC